Capitales commençant par V - Statistiques

Statistiques générales
  • Ce quiz a été pris 250 fois
    225 depuis la dernière actualisation
  • Le résultat moyen est 5 sur 8
Statistiques - réponses
Capitales % Correct
Varsovie
79%
Vienne
79%
Vilnius
77%
Vaduz
74%
Vatican
66%
Vientiane
63%
Victoria
43%
La Valette
39%
Aucun quiz correspondant
Distribution des résultats
% des personnes avec chaque résultat
Percentile par nombre de réponses
Votre historique - résultats
Vous n’avez pas pris ce quiz depuis la dernière actualisation